NCAA College Football Top 25 Week 5 - Statistics

General Stats
  • This quiz has been taken 82 times
  • The average score is 22 of 25
Answer Stats
Rank Conference Record Team % Correct
1 B1G 3-0 Ohio State
100%
5 SEC 3-0 Georgia
99%
3 B1G 3-0 Penn State
99%
17 SEC 2-1 Alabama
97%
4 SEC 4-0 LSU
97%
6 B1G 4-0 Oregon
97%
10 SEC 3-1 Texas
97%
22 Independent 1-2 Notre Dame
96%
2 ACC 4-0 Miami
94%
7 SEC 4-0 Oklahoma
91%
8 ACC 3-0 Florida State
90%
9 SEC 3-0 Texas A&M
90%
11 B1G 4-0 Indiana
88%
13 SEC 4-0 Ole Miss
87%
15 SEC 3-1 Tennessee
87%
12 BIG 12 4-0 Texas Tech
87%
19 B1G 3-1 Michigan
84%
23 B1G 3-1 Illinois
83%
21 B1G 4-0 USC
81%
18 SEC 4-0 Vanderbilt
77%
14 BIG 12 4-0 Iowa State
74%
20 SEC 4-0 Missouri
72%
16 ACC 4-0 Georgia Tech
71%
25 BIG 12 3-0 BYU
65%
24 BIG 12 3-0 TCU
64%
No matching quizzes found
Score Distribution
Percent of People with Each Score
Percentile by Number Answered
Your Score History
You have not taken this quiz